000 00947nam1a22002651i 4500
001 rc\3685885
005 20240726085158.0
021 _aRU
_b[70-75255]
021 _aRU
_b[69-104661]
035 _a(NLR Aleph) 007847800
090 _a7773764
_c7773764
100 _a20130115g19691970|||y0rusy50 ca
101 0 _arus
102 _aRU
105 _a z |||||
200 1 _aКнига для чтения по истории средних веков
_e[Для восьмилет. школы]
_fПод ред. акад. С.Д. Сказкина
205 _a[2-е изд., перераб.]. Ч. 1-2
210 _aМосква
_cПросвещение
_d1969-1970
215 _a2 т.
_d22
606 _aСредние века
_xИстория
_jХрестоматии
_2psbo
702 1 _aСказкин
_bС.Д.
_gСергей Данилович
_4340
801 0 _aRU
_bNLR
_gpsbo
801 1 _aRU
_bELAR
_2rusmarc
852 _aNLR
_j69-5/5943
942 _cBOOK